000 01222cam a22003131 4500
001 28750
003 BD-RjUL
005 20211209051326.0
008 140331s1948 nyuac 001 0beng
035 _a(BD-RjUL)28832
035 _a(OCoLC)445397
040 _aDLC
_cODaWU
_dOCoLC
_dDLC
_dBD-RjUL
_beng
041 _aeng
082 0 0 _a973.7092
_bMEL V-2 1948
100 1 _aMearns, David C.
_q(David Chambers),
_d1899-1981.
_987954
245 1 4 _aThe Lincoln papers :
_bthe story of the collection, with selections to July 4, 1861 /
_cintrod. by Carl Sandburg.
_nV-2
260 _aGarden City, N.Y. :
_bDoubleday,
_cc1948.
300 _axvii, 681 p. :
_billus., ports. ;
_c22 cm.
500 _aThe selections consist chiefly of letters and memoranda to Abraham Lincoln from the Robert Todd Lincoln Collection in the Library of Congress.
504 _aIncludes Index.
600 1 0 _aLincoln, Abraham,
_d1809-1865.
_987991
600 1 0 _aLincoln, Robert Todd,
_d1843-1926.
_987956
651 0 _aUnited States
_xHistory
_yCivil War, 1861-1865
_vSources.
_984820
700 1 _aLincoln, Abraham,
_d1809-1865.
_987957
710 2 _aLibrary of Congress.
_987958
942 _2ddc
_cBK
999 _c28750
_d28750